<?xml version="1.0" encoding="UTF-8"?>
<record
    xmlns:xsi="http://www.w3.org/2001/XMLSchema-instance"
    xsi:schemaLocation="http://www.loc.gov/MARC21/slim http://www.loc.gov/standards/marcxml/schema/MARC21slim.xsd"
    xmlns="http://www.loc.gov/MARC21/slim">

  <leader>00305nam a22001457a 4500</leader>
  <controlfield tag="003">SGT</controlfield>
  <datafield tag="082" ind1=" " ind2=" ">
    <subfield code="a">370</subfield>
    <subfield code="b">E16K</subfield>
  </datafield>
  <datafield tag="100" ind1=" " ind2=" ">
    <subfield code="a">KISHAN, N. RAMNATH</subfield>
  </datafield>
  <datafield tag="245" ind1=" " ind2=" ">
    <subfield code="a">ECONOMICS OF EDUCATION</subfield>
  </datafield>
  <datafield tag="250" ind1=" " ind2=" ">
    <subfield code="a">1ST</subfield>
  </datafield>
  <datafield tag="260" ind1=" " ind2=" ">
    <subfield code="a">NEW DELHI</subfield>
    <subfield code="b">A.P.H. PUB</subfield>
    <subfield code="c">2016</subfield>
  </datafield>
  <datafield tag="300" ind1=" " ind2=" ">
    <subfield code="a">156</subfield>
  </datafield>
  <datafield tag="650" ind1=" " ind2=" ">
    <subfield code="a">EDUCATION</subfield>
  </datafield>
  <datafield tag="942" ind1=" " ind2=" ">
    <subfield code="2">ddc</subfield>
    <subfield code="c">BK</subfield>
  </datafield>
  <datafield tag="952" ind1=" " ind2=" ">
    <subfield code="0">0</subfield>
    <subfield code="1">0</subfield>
    <subfield code="2">ddc</subfield>
    <subfield code="4">0</subfield>
    <subfield code="7">0</subfield>
    <subfield code="8">FE</subfield>
    <subfield code="a">FE</subfield>
    <subfield code="b">FE</subfield>
    <subfield code="c">TXT</subfield>
    <subfield code="d">2017-07-05</subfield>
    <subfield code="e">INDIAN PUB</subfield>
    <subfield code="g">150.00</subfield>
    <subfield code="i">SGTU</subfield>
    <subfield code="o">370 E16K</subfield>
    <subfield code="p">ED2298</subfield>
    <subfield code="r">2017-07-05 00:00:00</subfield>
    <subfield code="w">2016-11-22</subfield>
    <subfield code="y">BK</subfield>
    <subfield code="k">101/102</subfield>
  </datafield>
  <datafield tag="952" ind1=" " ind2=" ">
    <subfield code="0">0</subfield>
    <subfield code="1">0</subfield>
    <subfield code="2">ddc</subfield>
    <subfield code="4">0</subfield>
    <subfield code="7">0</subfield>
    <subfield code="8">FE</subfield>
    <subfield code="a">FE</subfield>
    <subfield code="b">FE</subfield>
    <subfield code="c">TXT</subfield>
    <subfield code="d">2017-07-05</subfield>
    <subfield code="e">INDIAN PUB</subfield>
    <subfield code="g">150.00</subfield>
    <subfield code="i">SGTU</subfield>
    <subfield code="l">6</subfield>
    <subfield code="o">370 E16K</subfield>
    <subfield code="p">ED2299</subfield>
    <subfield code="r">2026-06-01 10:29:56</subfield>
    <subfield code="s">2026-06-01</subfield>
    <subfield code="w">2016-11-22</subfield>
    <subfield code="y">BK</subfield>
    <subfield code="k">101/102</subfield>
  </datafield>
  <datafield tag="952" ind1=" " ind2=" ">
    <subfield code="0">0</subfield>
    <subfield code="1">0</subfield>
    <subfield code="2">ddc</subfield>
    <subfield code="4">0</subfield>
    <subfield code="7">0</subfield>
    <subfield code="8">FE</subfield>
    <subfield code="a">FE</subfield>
    <subfield code="b">FE</subfield>
    <subfield code="c">TXT</subfield>
    <subfield code="d">2017-07-05</subfield>
    <subfield code="e">INDIAN PUB</subfield>
    <subfield code="g">150.00</subfield>
    <subfield code="i">SGTU</subfield>
    <subfield code="o">370 E16K</subfield>
    <subfield code="p">ED2300</subfield>
    <subfield code="r">2017-07-05 00:00:00</subfield>
    <subfield code="w">2016-11-22</subfield>
    <subfield code="y">BK</subfield>
    <subfield code="k">101/102</subfield>
  </datafield>
  <datafield tag="999" ind1=" " ind2=" ">
    <subfield code="c">12205</subfield>
    <subfield code="d">12205</subfield>
  </datafield>
</record>
